| 000 | 00493nam a2200169 a 4500 | ||
|---|---|---|---|
| 005 | 20140310183526.0 | ||
| 008 | 111110s19uu xx 00 eng d | ||
| 020 | _a9780500977019 | ||
| 050 |
_aTR 820 _b.W67 2010 |
||
| 245 |
_aWorld Press Photo 10 / _cStitching World Press Photo |
||
| 260 |
_aNew York : _bThames and Hudson, _c2010. |
||
| 300 |
_a155 p. : _bcol. ill. ; _c29 cm. |
||
| 521 | _aMC | ||
| 650 |
_aPhotojournalism _xAwards _xPeriodicals |
||
| 942 |
_cBK _2lcc _kFOR |
||
| 999 |
_c24523 _d24523 |
||